|
|
|
|
| LEADER |
00000cam a2200000 4500 |
| 001 |
vtls011885973 |
| 003 |
SK-MaSNL |
| 005 |
20260426000712.0 |
| 008 |
220107s2019 xo oab gr 000 0 eng |
| 015 |
|
|
|a SNBA2021/02
|
| 020 |
|
|
|a 9788089514618
|q (brožované)
|
| 035 |
|
|
|a urn:nbn:sk:snk-am00g4su
|
| 035 |
|
|
|a urn:nbn:sk:snk-am3iyme
|
| 035 |
|
|
|a C212BF92-555A-4611-A9DD-A81F9D40E751
|
| 040 |
|
|
|a SNK
|b slo
|c SNK
|e rda
|
| 041 |
1 |
|
|a eng
|h slo
|
| 043 |
|
|
|a e-cs---
|a e-xo---
|
| 044 |
|
|
|a xo
|c SK
|
| 072 |
|
7 |
|a 94(437.6)
|x Dejiny Slovenska
|2 konspekt
|
| 072 |
|
7 |
|a 355/359
|x Vojenstvo. Obrana krajiny. Ozbrojené sily
|2 konspekt
|
| 080 |
|
|
|a 94(437.6)"1944"
|2 2011
|
| 080 |
|
|
|a 355.426(437.6)"1944"
|2 2011
|
| 080 |
|
|
|a 323.25/.26:329.18
|2 2011
|
| 080 |
|
|
|a 341.38
|2 2011
|
| 080 |
|
|
|a (437)
|2 2011
|
| 080 |
|
|
|a (048.8)
|2 2011
|
| 080 |
|
|
|a (437.6)
|2 2011
|
| 100 |
1 |
|
|a Stanislav, Ján,
|d 1942-
|4 aut
|9 200291
|
| 245 |
1 |
4 |
|a The legacy of freedom
|b a baedeker on anti-fascist resistance and Slovak national uprising
|c Ján Stanislav, Stanislav Mičev ; translation Igor Otčenáš
|
| 264 |
|
1 |
|a Banská Bystrica
|b Múzeum Slovenského národného povstania
|c 2019
|
| 300 |
|
|
|a 111 strán
|b čiernobiele fotografie, mapy, ilustrácie
|c 21 cm
|
| 336 |
|
|
|a text
|b txt
|2 rdacontent
|
| 337 |
|
|
|a bez média
|b n
|2 rdamedia
|
| 338 |
|
|
|a zväzok
|b nc
|2 rdacarrier
|
| 500 |
|
|
|a Preložené zo slovenčiny
|
| 650 |
0 |
7 |
|a Slovenské národné povstanie (1944)
|2 SNKPH
|9 177948
|
| 650 |
0 |
7 |
|a protifašistický odboj
|2 SNKPH
|9 4751
|
| 650 |
0 |
7 |
|a antifašizmus
|2 SNKPH
|9 4752
|
| 650 |
0 |
7 |
|a denacifikácia
|2 SNKPH
|9 4479
|
| 650 |
0 |
7 |
|a Slovakia, uprising, 1944
|2 SNKPHeng
|9 359714
|
| 650 |
0 |
7 |
|a Anti-fascist movements
|2 SNKPHeng
|9 265181
|
| 650 |
0 |
7 |
|a Anti-fascism
|2 SNKPHeng
|9 324878
|
| 650 |
0 |
7 |
|a Denazifikation
|2 SNKPHeng
|9 359715
|
| 651 |
|
7 |
|a Československo
|2 SNKPHgeo
|9 21376
|
| 651 |
|
7 |
|a Czechoslovakia
|2 SNKPHeng
|9 265183
|
| 651 |
|
7 |
|a Slovensko
|2 SNKPHgeo
|9 14231
|
| 651 |
|
7 |
|a Slovakia
|2 SNKPHeng
|9 92630
|
| 655 |
|
7 |
|a monografie
|2 SNKPH
|9 70139
|
| 655 |
|
7 |
|a Monographs
|2 SNKPHeng
|9 120675
|
| 700 |
1 |
|
|a Mičev, Stanislav,
|d 1957-
|4 aut
|9 108982
|
| 700 |
1 |
|
|a Otčenáš, Igor,
|d 1956-
|4 trl
|9 186730
|
| 919 |
|
|
|a 978-80-89514-61-8
|
| 958 |
|
|
|a OP
|
| 958 |
|
|
|a NB
|
| 999 |
|
|
|c 862839
|d 864769
|
| 952 |
|
|
|a SNK
|b SNK
|y PREZ
|7 0
|p 17A1414452
|o snkSC 187564
|i snk2020/1635
|8 0
|0 0
|1 0
|4 0
|d 2020-01-24
|f 1
|l 0
|r 2026-02-24 05:17:29
|w 2026-02-24
|
| 952 |
|
|
|a SNK
|b SNK
|y PREZ
|7 0
|p 17A1414453
|o snkSC 187564 D1
|i snk2020/1636
|8 0
|0 0
|1 0
|4 0
|d 2020-01-24
|l 0
|r 2026-02-24 05:17:29
|w 2026-02-24
|